000 nam a22 7a 4500
999 _c126592
_d126592
008 170808b xxu||||| |||| 00| 0 eng d
050 _aDT1945.T971
100 _aMathiane, Nomavenda
_934636
245 _a12 years to the 21st Century
_bBlack unity, self-reliance and liberation
_cNomavenda Mathiane et al...
260 _aDurban
_bResearch Unit of Umtapo Centre
_c1988
300 _a51p. ;
_c21cm.
650 _aUmtapo Centre
_934637
942 _2lcc
_cMONOGRAPH